Представление документа в формате RUSMARC

ПолеНазваниеЗначение
  Тип записи a
  Библиографический уровень a
001 Контрольный номер RU/CBS_UL/BASE/9d23262d807b4a0e9f4f15733d23f98f
005 Дата корректировки 20260130152715.8
100 Данные общей обработки __
a Данные общей обработки 20260130 ||| 0rusy0189 ca
101 Язык документа 0_
a Язык текста rus
102 Страна публикации __
a Страна публикации RU
200 Заглавие и сведения об ответственности 1_
a Заглавие "Закон остаётся навеки"
e Сведения, относящиеся к заглавию [в 1775 году Екатерина II издала "Учреждения для управления губерниями Всероссийской империи"]
f Первые сведения об ответственности Д. Хитров
300 Общие примечания __
a Общие примечания 12+
461 Уровень набора _0
1 2000
a Историк
463 Уровень физической единицы _0
1 2000
a № 11
v С. 52-55 : ил
1 2101
d 2025
1 001RU/CBS_UL/BASE/e40fccab52264027ade38d5d9a864c5d
600 Персоналии _1
a Персоналии (Фамилия) Екатерина II
606 Тематические рубрики 0_
a Основная рубрика Россия - История - 18 в.
z Хронологическая подрубрика 1775 г.
610 Ключевые слова 0_
a Ключевые слова организация местного управления
610 Ключевые слова 0_
a Ключевые слова губернская реформа Екатерины II
610 Ключевые слова 0_
a Ключевые слова законодательные акты Екатерины II
610 Ключевые слова 0_
a Ключевые слова Учреждения для управления губерниями Всероссийской империи (законодательные акты)
686 Индексы других классификаций __
2 Код системы rubbk
a Классификационный индекс 63.3(2)513
700 Автор _1
a Фамилия Хитров
b Имя (инициалы) Д.
801 Источник записи _0
a Страна RU
b Организация МБУК ЦБС г. Ульяновска
c Дата составления 20260130
g Правила каталогизации RCR
801 Источник записи _1
a Страна RU
b Организация МБУК ЦБС г. Ульяновска
c Дата составления 20260130
g Правила каталогизации RCR
901 Тип документа __
t Тип документа b
w Контрольный № источника RU/CBS_UL/BASE/e40fccab52264027ade38d5d9a864c5d
909 Создатель записи __
a Создатель записи lib2